Política pública de formación y mentalidad técnica /

Detalles Bibliográficos
Otros Autores: Rubio Lozano, Gustavo Adolfo (Editor)
Formato: Electrónico eBook
Lenguaje:español
Publicado: Bogotá : Editorial Aula de Humanidades : ITA Profesional, 2024.
Edición:Primera edición.
Colección:Colección Filosofía y formación en tecnología (Editorial Aula de Humanidades)
Materias:
Acceso en línea:Digitalia Hispánica

MARC

LEADER 00000nam a2200000 i 4500
001 DIGAUHUM0020
003 NyNyDIG
007 cr |||||||||||
008 241211s2024 ck a ob 001 0 spa d
006 m o d
035 |a (OCoLC)1478205043 
040 |a DGITA  |b eng  |e rda  |e pn  |c DGITA 
020 |a 9786287700079  |q (versión digital) 
020 |z 9786287700062  |q (versión impresa) 
043 |a cl----- 
050 1 4 |a T84 ebook 
245 0 0 |a Política pública de formación y mentalidad técnica /  |c Gustavo Adolfo Rubio Lozano (coord.). 
250 |a Primera edición. 
264 1 |a Bogotá :  |b Editorial Aula de Humanidades :  |b ITA Profesional,  |c 2024. 
300 |a 1 online resource :  |b illustrations. 
336 |a text  |b txt  |2 rdacontent 
337 |a computer  |b c  |2 rdamedia 
338 |a online resource  |b cr  |2 rdacarrier 
347 |a text file  |2 rdaft 
347 |b PDF 
490 1 |a Colección: Filosofía y formación en tecnología 
504 |a Includes bibliographical references and indexes. 
588 0 |a Online resource; title from PDF title page (Digitalia, viewed December 11, 2024) 
650 0 |a Technical education  |x Government policy  |z Latin America. 
650 0 |a Technology and state  |z Latin America. 
700 1 |a Rubio Lozano, Gustavo Adolfo,  |e editor. 
791 2 |a Digitalia (Firm),  |e distributor. 
793 0 |g Digitalia eBook Collection:  |a Editorial Aula de Humanidades 
776 0 8 |i Print version:  |t Política pública de formación y mentalidad técnica.  |b Primera edición.  |d Bogotá : Editorial Aula de Humanidades : ITA Profesional, [2024]  |z 9786287700062 
830 0 |a Colección Filosofía y formación en tecnología (Editorial Aula de Humanidades) 
856 4 0 |3 Digitalia Hispánica  |u https://www.digitaliapublishing.com/a/159396/ 
910 |a Premium collection: 2024